• 首页
  • 本馆介绍
  • 公告通知
  • 最新文献
  • 馆藏检索
  • 电子资源
  • 读者导购
  • 参考咨询
  • 我的图书馆
  • 登录
  • 详细信息显示
  • 放入我的书架
  • 预约/预借图书
  • 作者相关作品
  • 分类相关作品
  • 丛书相关作品
  • 出版社相关作品

书目信息

  • 表格格式
  • 工作单格式
  • 卡片格式
题名:
社会主义经济中计划与市场的关系
    
 
作者: ;中国社会科学院经济研究所资料室 编
分册: 上  
出版信息: 北京   中国社会科学出版社  1980
页数: 416页
开本: 19cm
丛书名: 社会主义经济中价值规律问题文章选编
单 册:
中图分类: F043
科图分类:
主题词: 经济计划-关系-市场调节--研究 , 社会主义-价值规律--文集 , 市场调节-关系-经济计划--研究 , 社会主义社会--生产方式 , 价值规律-社会主义--文集
电子资源:
ISBN:
000 01203nam0 2200313 45
001 0180007773
005 20060802084531.96
010    @dCNY1.70
091    @a4190.019
100    @a19950517d1980 emky0chiy0121 ea
101 0  @achi
102    @aCN@b110000
105    @ay z 000yy
200 10 @a社会主义经济中计划与市场的关系@h上@Ashe hui zhu yi jing ji zhong ji hua yu shi chang de guan xi@e社会主义经济中价值规律问题文章选编@f中国社会科学院经济研究所资料室编
210    @a北京@c中国社会科学出版社@d1980
215    @a416页@d19cm
225    @a社会主义经济中价值规律问题文章选编
410    @12001 @a社会主义经济中价值规律问题文章选编
517 1  @a社会主义经济中价值规律问题文章选编@Ashe hui zhu yi jing ji zhong jia zhi gui lv wen ti wen zhang xuan bian
606    @a经济计划-关系-市场调节@x研究
606    @a社会主义-价值规律@x文集
606    @a市场调节-关系-经济计划@x研究
606 0  @a社会主义社会@x生产方式
606    @a价值规律-社会主义@x文集
690    @aF043
711 02 @a中国社会科学院经济研究所资料室@Azhong guo she hui ke xue yuan jing ji yan jiu suo zi liao shi@4编
801  2 @aCN@bNLC@c20060802
801  0 @aCN@b上海图书馆@c20040421
905    @f1@b30300@dF043@e10:1
    
    社会主义经济中计划与市场的关系.上:社会主义经济中价值规律问题文章选编/中国社会科学院经济研究所资料室编.-北京:中国社会科学出版社,1980
    416页;19cm.-(社会主义经济中价值规律问题文章选编)
    
    
    ISBN :CNY1.70
    
●
相关链接 在E读中查询图书 在五车中查询图书 在当当中查询图书 在豆瓣中查询图书


正题名:社会主义经济中计划与市场的关系     索取号:F043/10:1         预约/预借

序号 登录号 条形码 馆藏地/架位号 状态 备注
1 0030300   001271974   第一样本阅览室/ [索取号:F043/10:1] 在馆    
2 0441641   204416417   密集书库/ [索取号:F043/10:1] 在馆    
唐山师范学院图书馆 欢迎您!
大连网信软件有限公司© 版权所有